| 000 | 01002nam a2200277 i 4500 | ||
|---|---|---|---|
| 001 | bg | ||
| 100 | 1 |
_aROTH, Paul _d(1951- ). |
|
| 245 | 0 | 0 |
_aRynki walutowe i pieniężne : _binstrumenty finansowe i ich zastosowanie / _cPaul Roth ; [przeł. Anita Grabowska, Dariusz Kucharski]. |
| 246 |
_iTyt. oryg.: _aMastering foreign exchange & money markets: a step-by-step guide to the products, applications and risk |
||
| 260 |
_aWarszawa : _b"ABC", _c2000. |
||
| 300 |
_a368 s. : _bil. ; _c24 cm + _edyskietka. |
||
| 490 | 1 | _aRynki Finansowe | |
| 500 | _aOryg.: "Mastering foreign exchange & money markets: a step-by-step guide to the products, applications and risk" 1996. | ||
| 504 | _aIndeks. | ||
| 650 | 9 | _aRynek walutowy | |
| 650 | 9 | _aRynek pieniężny | |
| 655 | _aPodręczniki | ||
| 830 | _aRynki Finansowe | ||
| 020 | _a8387916536 | ||
| 040 | _cBPK | ||
| 041 | 1 |
_apl _hen |
|
| 080 | _a336.76(07) | ||
| 920 | _a83-87916-53-6 | ||
| 942 | _cKS | ||
| 008 | s pl f |000 0 pol | ||
| 999 |
_c38615 _d38615 |
||
| 856 |
_uhttp://koha.tu.koszalin.pl/cgi-bin/koha/opac-detail.pl?biblionumber=38615 _yKatalog online BPK |
||